Statistics for Name the Stationery Quiz

Click here to take the quiz!

General Stats

  • This quiz has been taken 22 times
  • The average score is 10 of 12

Answer Stats

Answer% Correct
Pen
100%
Pencil
93%
Eraser
93%
Scissors
93%
Calculator
93%
Stapler
93%
Ruler
86%
Paper Clip
86%
Pencil Sharpener
79%
Glue
79%
Protractor
71%
Highlighters
43%

Score Distribution

Percentile by Number Answered

Percent of People with Each Score

Your Score History

You have not taken this quiz